000 00621nam a22002051cc4500
001 a987691284+Band1
035 _aa987691284
008 190215s1994 gw a||| 000u ger d
041 _ager
245 0 4 _aDer Nationalsozialismus
_nBand 1
_pMachtergreifung und Machtsicherung : 1933-1935
250 _a3. Aufl
264 _aMünchen,
_c1994
300 _a355 S. : Ill
700 1 _aHampel, Johannes
_eHerausgeberIn
_916616
246 1 2 _aDer Nationalsozialismus. Machtergreifung und Machtsicherung : 1933-1935
_nBand 1
773 0 8 _wa987691284
_qBand1
942 _cMG
040 _cRU-10907106
003 RU-10907106
999 _c23041
_d23041